| 000 | 00538nam a2200193 a 4500 | ||
|---|---|---|---|
| 001 | 000025718 | ||
| 005 | 20200930024009.0 | ||
| 008 | 110221s1972 sp a r 001 0 spa d | ||
| 020 | _a8400077342 | ||
| 040 |
_aDO-SdBNP _bspa _cBNPHU |
||
| 082 |
_ann* _bnn* |
||
| 100 | 1 |
_aRomero, Luis. _93529 |
|
| 245 | 1 | 0 |
_aTres días de julio : _b18, 19 y 20 de 1936 / _cLuis Romero. |
| 250 | _a3a ed. | ||
| 260 |
_aBarcelona : _bAriel, _c1972. |
||
| 300 |
_axxxix, 640 p. : _bil. ; _c23 cm. |
||
| 500 | _aIncluye índice geográfico. | ||
| 049 | _aBNGR | ||
| 999 |
_c25210 _d25210 |
||